| 000 | 00435nam a2200169Ia 4500 | ||
|---|---|---|---|
| 008 | 221030s9999 xx 000 0 und d | ||
| 020 | _a8121906008 | ||
| 041 | _aEnglish | ||
| 082 |
_a105.23 _bMal |
||
| 100 | _aW. U. Malik | ||
| 245 | 0 |
_aSelected Topics in Inorganic Chemistry _cby W. U. Malik, G. D. Tuli |
|
| 260 |
_bS. Chand & Co _aNew Delhi _c2001 |
||
| 300 | _a660 | ||
| 650 | _aChemistry | ||
| 700 | _aG. D. Tuli | ||
| 942 | _cBK | ||
| 999 |
_c5936 _d5936 |
||